000 01074nam a22003017i 4500
003 DO-SdBNP
005 20240927073749.0
007 ta
008 211126e2019 dr ||||gr|||| 000 fdspa d
020 _a9789945169478
040 _aDO-SdBNP
_bspa
_cBNPHU
_erda
082 4 _aRD863.44
_bT693n
_222
100 1 _aTorres, Cornelia Margarita
_eautora
_980761
245 1 0 _aEl niño que no tuvo un tambor :
_b(novela)
_cCornelia Margarita Torres.
264 _aSanto Domingo :
_bBúho,
_c2019.
300 _a360 páginas ;
_c22 cm.
336 _2rdacontent
_atexto
_btxt
337 _2rdamedia
_asin mediación
_bn
338 _2rdacarrier
_avolumen
_bnc
500 _aIncluye datos biográficos de la autora en las solapas de las cubiertas.
504 _aBibliografía : p. 349-360
590 _aInventariado, 2021 /LP
600 1 0 _a Balaguer, Joaquín,
_d1906-2002
_vNovela
_976556
650 4 _911919
_aNovela historica
651 4 _956308
_aRepública Dominicana
_xHistoria
_y1961-
_vNovela
910 _aLopérez/Validado. Control de calidad MFF
942 _2ddc
_cLBS1
999 _c51053
_d51053